Normal view MARC view

Entry Personal Name

Number of records used in: 1

001 - CONTROL NUMBER

  • control field: 40482

003 - CONTROL NUMBER IDENTIFIER

  • control field: dpl

005 - DATE AND TIME OF LATEST TRANSACTION

  • control field: 20120131152839.0

008 - FIXED-LENGTH DATA ELEMENTS

  • fixed length control field: 120131|||a|||||| | ||| d

040 ## - CATALOGING SOURCE

  • Original cataloging agency: dpl
  • Transcribing agency: dpl

100 ## - HEADING--PERSONAL NAME

  • Personal name: सेनगुप्त, एस.सी.

670 ## - SOURCE DATA FOUND

  • Source citation: Work cat.: (dpl)61556: सेनगुप्त, एस.सी. , हिन्दी इंगलिश बोल चाल ( Speak English easily) /, 2010

670 ## - SOURCE DATA FOUND

  • Source citation: Work cat.: (dpl)61556: सेनगुप्त, एस.सी. , हिन्दी इंगलिश बोल चाल ( Speak English easily) /, 2010

© Delhi Public Library
Hit Counter
free hit counter